Schweizer Fussball Clubs der 1. und 2. Liga - Statistiken

Allgemein
  • Dieses Quiz wurde 157 mal gespielt
  • Das Durchschnittsergebnis liegt bei 17 aus 22
Antwortstatistiken
Hint Antwort % Korrekt
1893 FC Basel 1893
99%
1896 FC Zürich
98%
1898 BSC Young Boys
97%
1879 FC St. Gallen 1879
94%
1886 Grasshopper Club Zürich
90%
1896 FC Lausanne Sport
86%
1901 FC Luzern
86%
1890 Servette FC
86%
1898 FC Thun Berner Oberland
84%
1908 FC Lugano
82%
1902 FC Aarau
80%
1896 FC Winterthur
79%
1909 FC Sion
78%
1916 Neuchatel Xamax FCS
74%
1896 FC Schaffhausen
69%
1948 Yverdon Sport FC
69%
1895 FC Stade Lausanne Ouchy
67%
1904 AC Bellinzona
62%
1932 FC Vaduz
62%
1900 FC Wil 1900
61%
1897 FC Baden 1897
46%
1905 FC Stade Nyonnais
27%
Keine übereinstimmenden Quizze gefunden
Verteilung der Resultate
Anzahl Personen mit jedem Resultat
Perzentil nach korrekt beantworteten Fragen
Ihre Resultats-Entwicklung
Sie haben dieses Quiz noch nicht gespielt